Southville International School and Colleges
Your cart is empty.
  • Cart
  • Lists
    Public lists Eva Luna New books Lux_list list_1
    Your lists Log in to create your own lists
  • Log in to your account
  • Your cookies
  • Search history
Southville International School and Colleges
  • Advanced search
  • Recent comments
  • Most popular
  • Libraries

Log in to your account

Log in with GOOGLE


If you do not have an external account, but do have a local account, you can still log in:

  1. Home
  2. MARC view: Introductory sociology and anthropology :
Normal view MARC view ISBD view

Introductory sociology and anthropology : (Record no. 291231)

[ view plain ]
MARC details
000 -LEADER
fixed length control field 00608nam a2200217Ia 4500
008 - FIXED-LENGTH DATA ELEMENTS--GENERAL INFORMATION
fixed length control field 160303s9999 xx 000 0 und d
020 ## - INTERNATIONAL STANDARD BOOK NUMBER
International Standard Book Number 971-23-3335-3
050 ## - LIBRARY OF CONGRESS CALL NUMBER
Classification number FIL HM 571
050 ## - LIBRARY OF CONGRESS CALL NUMBER
Item number .J38 2002
100 ## - MAIN ENTRY--PERSONAL NAME
Personal name Javier, Jessie D.
245 ## - TITLE STATEMENT
Title Introductory sociology and anthropology :
245 ## - TITLE STATEMENT
Remainder of title a pedagogy /
245 ## - TITLE STATEMENT
Statement of responsibility, etc Jessie D. Javier, Rodrigo D. Costales, Dionesio C. Rivas.
260 ## - PUBLICATION, DISTRIBUTION, ETC. (IMPRINT)
Place of publication, distribution, etc Manila :
260 ## - PUBLICATION, DISTRIBUTION, ETC. (IMPRINT)
Name of publisher, distributor, etc Rex Book Store, Inc.,
260 ## - PUBLICATION, DISTRIBUTION, ETC. (IMPRINT)
Date of publication, distribution, etc 2002
300 ## - PHYSICAL DESCRIPTION
Extent 491 pages :
300 ## - PHYSICAL DESCRIPTION
Other physical details illustrations ;
300 ## - PHYSICAL DESCRIPTION
Dimensions 23 cm.
500 ## - GENERAL NOTE
General note Includes bibliographical references.
Holdings
Withdrawn status Lost status Damaged status Home library Current library Shelving location Date acquired Total Checkouts Full call number Barcode Date last seen Price effective from Koha item type
      South Mansfield College South Mansfield College Filipiniana Section 06/02/2005   FIL HM 571 .J38 2002 SMC02688 03/03/2016 03/03/2016  

Introductory sociology and anthropology :

APA

Javier J. D., .Introductory sociology and anthropology. Manila: .

Chicago

Javier Jessie D, .Introductory sociology and anthropology. Manila: .

Harvard

Javier J. D., .Introductory sociology and anthropology. Manila: .

MLA

Javier Jessie D, .Manila: . .

  • Place hold
  • Print
  • Cite
  • Add to your cart (remove)
  • Save record
    BIBTEX Dublin Core MARCXML MARC (non-Unicode/MARC-8) MARC (Unicode/UTF-8) MARC (Unicode/UTF-8, Standard) MODS (XML) RIS
  • More searches
    Search for this title in:
    Other Libraries (WorldCat) Other Databases (Google Scholar) Online Stores (Bookfinder.com) Open Library (openlibrary.org)

Exporting to Dublin Core...

SOUTHVILLE LIBRARY

Southville International School and Colleges Library

1281 Tropical Ave. Cor. Luxembourg St., BF Homes International, Las Pinas City

Tel. No. 8256374 / 252358 Loc. 117/146

Powered by Koha